United colors of Buxtehude : ein Kettengedicht /

Bibliographic Details
Main Author: Becker, Uli
Format: Book
Language:German
Published: Leipzig : Faber & Faber, [1996]
Series:Sisyphosse.

MARC

Tag First Indicator Second Indicator Subfields
LEADER 00000cam a2200000 a 4500
001 in00001337521
005 20151005091546.0
008 970106s1996 gw a 000 0 ger c
010 |a  97101401  
020 |a 3928660772 
035 |a (OCoLC)36108856 
035 |9 AHE3060AM 
040 |a CU  |c CUY  |d TXA  |d UtOrBLW 
042 |a pcc 
049 |a TXAM 
050 1 4 |a PT2662.E2972  |b U57 1996 
100 1 |a Becker, Uli. 
245 1 0 |a United colors of Buxtehude :  |b ein Kettengedicht /  |c von Uli Becker [and others]. 
264 1 |a Leipzig :  |b Faber & Faber,  |c [1996] 
264 4 |c ©1996 
300 |a 52 pages :  |b illustrations ;  |c 24 cm. 
336 |a text  |b txt  |2 rdacontent 
337 |a unmediated  |b n  |2 rdamedia 
338 |a volume  |b nc  |2 rdacarrier 
490 1 |a Die Sisyphosse 
830 0 |a Sisyphosse. 
999 |a MARS 
999 f f |s 0e4da051-76b3-38fe-b356-6a4a1c768098  |i 01810c94-8df4-3113-b067-249fe4bb04f5  |t 0 
952 f f |p ric  |a Texas A&M University  |b Rellis Campus  |c Joint Library Facility  |d Remote Storage  |t 0  |e PT2662.E2972 U57 1996  |h Library of Congress classification  |i unmediated -- volume  |m A14820632395 
998 f f |a PT2662.E2972 U57 1996  |t 0  |l Remote Storage